000 00833nam a2200229Ia 4500
999 _c37685
_d37685
001 3658
003 GE_BSU
005 20200203151854.0
008 181216s2007||||ge |||||||||||||| ||geo||
020 _a9789994068111
040 _cGE_BSU
041 _ageo
080 _a394.48 ლ–41
100 _aლეკაშვილი, ეკა
_95020
245 _aპრეზენტაცია /
_cეკა ლეკაშვილი ; რედ. ნინო პაპაჩაშვილი.
264 _aთბილისი :
_bუნივერსალი,
_c2007.
300 _a59 გვ.
_b20 სმ.
520 _aრეზ. ინგლ. ენ.
653 _aპრეზენტაცია
700 _aპაპაჩაშვილი, ნინო
_eრედაქტორი
_96264
942 _cBK
_2udc